Eleventh Scandinavian Conference on Artificial Intelligence (Record no. 117174)
[ view plain ]
| 000 -LEADER | |
|---|---|
| fixed length control field | 01621nam a2200361 a 4500 |
| 245 10 - TITLE STATEMENT | |
| Title | Eleventh Scandinavian Conference on Artificial Intelligence |
| 260 ## - PUBLICATION, DISTRIBUTION, ETC. (IMPRINT) | |
| Place of publication | Washington, D.C. : |
| Name of publisher | IOS Press, |
| Year of publication | 2011. |
| 300 ## - PHYSICAL DESCRIPTION | |
| Number of Pages | xiii, 197 p. : |
| Other physical details | ill. (some col.). |
| 490 1# - SERIES STATEMENT | |
| Series statement | Frontiers in artificial intelligence and applications, |
| 650 #0 - SUBJECT ADDED ENTRY--TOPICAL TERM | |
| Topical Term | Artificial intelligence |
| Topical Term | Logic, Symbolic and mathematical |
| 700 1# - ADDED ENTRY--PERSONAL NAME | |
| Personal name | Kofod-Petersen, Anders. |
| Personal name | Heintz, Fredrik. |
| Personal name | Langseth, Helge. |
| 856 40 - ELECTRONIC LOCATION AND ACCESS | |
| Uniform Resource Identifier | http://site.ebrary.com/lib/rucke/Doc?id=10506350 |
No items available.
